[Event "TUR Cup"]
[Site "Antalya"]
[Date "2019.01.28"]
[Round "3"]
[White "Yardim, Ahmet"]
[Black "Temel, Nurcan"]
[Result "1-0"]
[WhiteElo "1445"]
[BlackElo "1319"]
[PlyCount "107"]
[EventDate "2019.01.27"]
[EventType "swiss"]
[EventRounds "11"]
[EventCountry "TUR"]
[SourceTitle "CBM 188 Extra"]
[Source "ChessBase"]
[SourceDate "2019.02.26"]
[SourceVersion "1"]
[SourceVersionDate "2019.02.26"]
[SourceQuality "1"]

1. e4 c5 2. Nf3 d6 3. d4 cxd4 4. Nxd4 Nf6 5. Nc3 a6 6. f3 e6 7. Be3 Be7 8. Be2 0-0 9. 0-0 Nbd7 10. a3 Qc7 11. Rc1 b5 12. Na2 Ne5 13. b3 d5 14. exd5 Nxd5 15. Bf2 Bxa3 16. Rb1 Bc5 17. c4 bxc4 18. bxc4 Nf4 19. Qd2 Nxe2+ 20. Qxe2 Rd8 21. Rfd1 Nc6 22. Nxc6 Bxf2+ 23. Qxf2 Rxd1+ 24. Rxd1 Bb7 25. Ncb4 Qxc4 26. Qb6 Bd5 27. Nxd5 exd5 28. Nb4 Qb3 29. Rxd5 Qb1+ 30. Kf2 Qb2+ 31. Kg3 h6 32. Rd8+ Rxd8 33. Qxd8+ Kh7 34. Nc6 Qf6 35. Qxf6 gxf6 36. Kf4 Kg6 37. g4 f5 38. gxf5+ Kf6 39. h3 h5 40. h4 Kg7 41. Kg5 f6+ 42. Kxh5 Kh7 43. Kg4 Kh6 44. Na5 Kg7 45. Kf4 Kh6 46. Ke4 Kh5 47. Kd5 Kxh4 48. Ke6 Kg5 49. f4+ Kh6 50. Kxf6 Kh7 51. Ke7 Kg7 52. f6+ Kg8 53. f7+ Kh7 54. f8Q 1-0

[Event "TUR-chT2"]
[Site "Konya"]
[Date "2018.07.14"]
[Round "7.23"]
[White "Turkmen, Musa"]
[Black "Yardim, Ahmet"]
[Result "1/2-1/2"]
[WhiteElo "1323"]
[BlackElo "1454"]
[PlyCount "95"]
[EventDate "2018.07.10"]
[EventType "team-swiss"]
[EventRounds "9"]
[EventCountry "TUR"]
[SourceTitle "EXT 2019"]
[Source "ChessBase"]
[SourceDate "2018.10.10"]
[SourceVersion "1"]
[SourceVersionDate "2018.10.10"]
[SourceQuality "1"]
[WhiteTeam "Corum Mavi Ay"]
[BlackTeam "Bitlis Genclik"]
[WhiteTeamCountry "TUR"]
[BlackTeamCountry "TUR"]

1. e4 c5 2. Nf3 Nc6 3. d4 cxd4 4. Nxd4 Nf6 5. Nc3 d6 6. Bb5 Bd7 7. a3 a6 8. Nxc6 bxc6 9. Bc4 e6 10. Bg5 h6 11. Bf4 e5 12. Be3 Be7 13. 0-0 0-0 14. h3 Be6 15. Qe2 d5 16. exd5 cxd5 17. Rad1 Qa5 18. b4 Qxa3 19. Nxd5 Bxd5 20. Bxd5 Nxd5 21. Rxd5 Qxb4 22. Rxe5 Bf6 23. Bc5 Qc3 24. Rd5 Rfc8 25. Qe4 Re8 26. Qd3 Qxd3 27. cxd3 Red8 28. Rxd8+ Rxd8 29. Rd1 a5 30. d4 a4 31. f4 g6 32. Kf2 Rb8 33. Ke3 Bh4 34. g4 Re8+ 35. Kf3 Be7 36. Ra1 Bxc5 37. dxc5 Rc8 38. Rc1 a3 39. Ke4 a2 40. Kd5 Kf8 41. Ra1 Ra8 42. Kc6 Ke8 43. Kb7 Ra3 44. c6 Rb3+ 45. Kc7 Rb2 46. Kc8 f5 47. c7 fxg4 48. hxg4 1/2-1/2

[Event "TUR-chT2"]
[Site "Konya"]
[Date "2018.07.11"]
[Round "3.26"]
[White "Yardim, Ahmet"]
[Black "Karakus, Ali"]
[Result "1/2-1/2"]
[WhiteElo "1454"]
[BlackElo "1159"]
[PlyCount "84"]
[EventDate "2018.07.10"]
[EventType "team-swiss"]
[EventRounds "9"]
[EventCountry "TUR"]
[SourceTitle "EXT 2019"]
[Source "ChessBase"]
[SourceDate "2018.10.10"]
[SourceVersion "1"]
[SourceVersionDate "2018.10.10"]
[SourceQuality "1"]
[WhiteTeam "Bitlis Genclik"]
[BlackTeam "Dulumpinar Turk"]
[WhiteTeamCountry "TUR"]
[BlackTeamCountry "TUR"]

1. e4 c5 2. Nf3 d6 3. d4 cxd4 4. Nxd4 Nf6 5. Nc3 a6 6. Be2 e6 7. Be3 b5 8. a3 Nbd7 9. 0-0 Bb7 10. f3 Be7 11. Na2 0-0 12. c4 bxc4 13. Bxc4 d5 14. exd5 Bxd5 15. Bxd5 Nxd5 16. Bf2 Rc8 17. Qd2 Qc7 18. Rac1 Qb7 19. Rxc8 Rxc8 20. Rc1 Rxc1+ 21. Qxc1 Nc5 22. Qc2 Qc7 23. b4 Nd7 24. Qxc7 Nxc7 25. Nc3 Ne5 26. Bg3 f6 27. Bxe5 fxe5 28. Nc6 Bf6 29. a4 Kf8 30. b5 axb5 31. axb5 Be7 32. Nxe5 Bc5+ 33. Kf1 Bd4 34. b6 Bxe5 35. bxc7 Bxc7 36. Ne4 Kf7 37. Nf2 Kg6 38. g4 h6 39. Ke2 Kf6 40. Kd3 e5 41. Kc4 Ke6 42. Kc5 Bd8 1/2-1/2

[Event "TUR Cup"]
[Site "Antalya"]
[Date "2017.02.02"]
[Round "9"]
[White "Demirkilic, Koksal"]
[Black "Yardim, Ahmet"]
[Result "1-0"]
[WhiteElo "1599"]
[BlackElo "1474"]
[PlyCount "53"]
[EventDate "2017.01.28"]
[EventType "swiss"]
[EventRounds "11"]
[EventCountry "TUR"]
[SourceTitle "CBM 176 Extra"]
[Source "ChessBase"]
[SourceDate "2017.03.02"]
[SourceVersion "1"]
[SourceVersionDate "2017.03.02"]
[SourceQuality "1"]

1. d4 Nf6 2. c4 e6 3. Nc3 Bb4 4. Qc2 b6 5. Bg5 h6 6. Bh4 Bb7 7. f3 d5 8. e3 Nbd7 9. a3 Bxc3+ 10. bxc3 c5 11. cxd5 exd5 12. Bb5 g5 13. Bg3 Qe7 14. Kf2 0-0 15. Ne2 a6 16. Bxd7 Qxd7 17. Be5 Qe6 18. Ng3 Nd7 19. f4 Nxe5 20. fxe5 f5 21. Nh5 cxd4 22. cxd4 f4 23. exf4 Qf5 24. Qxf5 Rxf5 25. g4 Rxf4+ 26. Nxf4 gxf4 27. Kf3 1-0

[Event "TUR Cup"]
[Site "Antalya"]
[Date "2017.02.02"]
[Round "8"]
[White "Yardim, Ahmet"]
[Black "Dursun, Poyraz"]
[Result "0-1"]
[WhiteElo "1474"]
[BlackElo "1634"]
[PlyCount "73"]
[EventDate "2017.01.28"]
[EventType "swiss"]
[EventRounds "11"]
[EventCountry "TUR"]
[SourceTitle "CBM 176 Extra"]
[Source "ChessBase"]
[SourceDate "2017.03.02"]
[SourceVersion "1"]
[SourceVersionDate "2017.03.02"]
[SourceQuality "1"]

1. e4 c5 2. Nf3 g6 3. d4 cxd4 4. Qxd4 Nf6 5. e5 Nc6 6. Qa4 Nd5 7. Bd3 Bg7 8. Qe4 Ndb4 9. a3 Nxd3+ 10. cxd3 Nxe5 11. Nxe5 Qa5+ 12. Bd2 Qxe5 13. Qxe5 Bxe5 14. Bc3 d6 15. Bxe5 dxe5 16. Nc3 Bf5 17. Ne4 Rc8 18. Kd2 0-0 19. Rac1 Rcd8 20. Ke3 Rd4 21. f3 Rfd8 22. Rhd1 Bxe4 23. fxe4 R8d7 24. g4 b6 25. h4 h6 26. Rc3 f5 27. gxf5 gxf5 28. Rg1+ Kf7 29. Rf1 f4+ 30. Ke2 Kg6 31. Rg1+ Kh5 32. Rh1 R4d6 33. a4 Rg6 34. b4 Rg3 35. Kd2 Rg4 36. Ke1 Rg2 37. Rb3 0-1

[Event "Manavgat Turkey Cup"]
[Site "Manavgat"]
[Date "2015.02.03"]
[Round "6"]
[White "Ozsakallioglu, Okan"]
[Black "Yardim, Ahmet"]
[Result "1-0"]
[WhiteElo "1528"]
[BlackElo "1514"]
[PlyCount "93"]
[EventDate "2015.01.31"]
[EventType "swiss"]
[EventRounds "11"]
[EventCountry "TUR"]
[SourceTitle "CBM 164 Extra"]
[Source "ChessBase"]
[SourceDate "2015.03.02"]
[SourceVersion "1"]
[SourceVersionDate "2015.03.02"]
[SourceQuality "1"]

1. e4 e5 2. Nf3 Nc6 3. Bc4 Bc5 4. c3 Nf6 5. d4 exd4 6. cxd4 Bb4+ 7. Bd2 0-0 8. e5 d5 9. Bd3 Ne4 10. a3 Bxd2+ 11. Nbxd2 f5 12. Qb3 Nxd2 13. Kxd2 Bd7 14. Qxd5+ Kh8 15. Qb3 Na5 16. Qc3 b6 17. b4 Nc6 18. Rhe1 Qe8 19. Bc4 Nd8 20. e6 Nxe6 21. d5 Qg6 22. dxe6 Bc6 23. Bd3 Be4 24. Bxe4 fxe4 25. e7 Qd6+ 26. Qd4 Qxe7 27. Rxe4 Qf7 28. Ke2 Rad8 29. Qc4 Qg6 30. Kf1 h6 31. Rae1 Qd6 32. Ne5 Qf6 33. Rf4 Qd6 34. Nf7+ Rxf7 35. Rxf7 Qxh2 36. Qe4 Qh1+ 37. Ke2 Qh5+ 38. Qf3 Re8+ 39. Kd2 Qg5+ 40. Re3 Qd8+ 41. Ke2 Rg8 42. Ree7 Qd4 43. Qe3 Qg4+ 44. Ke1 Rd8 45. Re8+ Rxe8 46. Qxe8+ Kh7 47. Rf8 1-0

[Event "Manavgat Turkey Cup"]
[Site "Manavgat"]
[Date "2015.02.01"]
[Round "2"]
[White "Gunes, Adem"]
[Black "Yardim, Ahmet"]
[Result "0-1"]
[WhiteElo "1695"]
[BlackElo "1514"]
[PlyCount "64"]
[EventDate "2015.01.31"]
[EventType "swiss"]
[EventRounds "11"]
[EventCountry "TUR"]
[SourceTitle "CBM 164 Extra"]
[Source "ChessBase"]
[SourceDate "2015.03.02"]
[SourceVersion "1"]
[SourceVersionDate "2015.03.02"]
[SourceQuality "1"]

1. e4 e5 2. Nf3 Nc6 3. Bb5 Nge7 4. 0-0 g6 5. c3 a6 6. Ba4 b5 7. Bb3 Bg7 8. Ng5 0-0 9. f4 exf4 10. Rxf4 d5 11. d4 h6 12. Nxf7 Rxf7 13. Rxf7 Kxf7 14. exd5 Na5 15. d6+ Nxb3 16. Qxb3+ Be6 17. dxe7 Qxe7 18. Qd1 Kg8 19. Nd2 Rf8 20. Qe2 Qf7 21. h3 b4 22. Qxa6 Qf2+ 23. Kh2 Bd5 24. Qxg6 h5 25. Qg3 h4 26. Qg5 c6 27. c4 Rf5 28. Qg6 Bf7 29. Qg4 Bh5 30. Qe4 Bxd4 31. Nf3 Rxf3 32. Bh6 Rxh3+ 0-1

[Event "Manavgat Turkey Cup"]
[Site "Manavgat"]
[Date "2015.01.31"]
[Round "1"]
[White "Yardim, Ahmet"]
[Black "Baltaci, Ismail Tarik"]
[Result "0-1"]
[WhiteElo "1514"]
[BlackElo "1804"]
[PlyCount "66"]
[EventDate "2015.01.31"]
[EventType "swiss"]
[EventRounds "11"]
[EventCountry "TUR"]
[SourceTitle "CBM 164 Extra"]
[Source "ChessBase"]
[SourceDate "2015.03.02"]
[SourceVersion "1"]
[SourceVersionDate "2015.03.02"]
[SourceQuality "1"]

1. e4 c5 2. Nf3 d6 3. d4 cxd4 4. Nxd4 Nf6 5. Nc3 a6 6. Bd3 e5 7. Nf3 Be7 8. h3 0-0 9. Be3 b5 10. a3 Bb7 11. 0-0 Nbd7 12. Nd5 Bxd5 13. exd5 e4 14. Bxe4 Nxe4 15. Nd4 Ne5 16. f3 Nf6 17. b3 Nxd5 18. Nf5 Nxe3 19. Nxe3 Qb6 20. Re1 Bg5 21. Qe2 Ng6 22. Kh1 Bxe3 23. Qxe3 Qxe3 24. Rxe3 Rac8 25. c3 Rfe8 26. Rae1 Rxe3 27. Rxe3 Kf8 28. Kh2 f5 29. Kg1 Kf7 30. Kf2 Ne5 31. f4 Nd7 32. b4 Nf6 33. g3 Ne4+ 0-1